ニコニコ動画 再生数150万以上音MAD素材 - Statistics

General Stats
  • This quiz has been taken 218 times
  • The average score is 31 of 106
Answer Stats
再生数 使用曲 使用素材 タイトル % Correct
22,490,217 U.N.オーエンは彼女なのか?最終鬼畜妹フランドール・S ドナルド M.C.ドナルドはダンスに夢中なのか?最終鬼畜道化師ドナルド・M
89%
2,614,335 ネイティブフェイス ドナルド ドナルドを信仰風化曲【ネイティブフェイス】
89%
1,676,230 魔理沙は大変なものを盗んでいきました ドナルド 道化師は大変な洗脳を施していきました
89%
5,290,448 ココロオドル ジョジョの奇妙な冒険 ココロジョジョル
63%
4,202,398 ココロオドル ジョジョの奇妙な冒険 ココロジョジョル第3部
63%
4,156,764 ココロオドル ジョジョの奇妙な冒険 ココロジョジョル第2部
63%
2,566,878 ニコニコ動画旅絵巻 ジョジョの奇妙な冒険 【合作】ジョジョの奇妙な旅絵巻
63%
2,346,988 ココロオドル ジョジョの奇妙な冒険 ココロジョジョル第4部
63%
2,216,298 グルメレース ジョジョの奇妙な冒険 全く重てえな、何が入ってんだァ?【ジョジョ】
63%
2,134,218 エレクトリカルパレード ジョジョの奇妙な冒険 東京ポルナレフランド【ジョジョの奇妙なパレード】
63%
2,039,073 最終鬼畜妹フランドール・S ジョジョの奇妙な冒険 J.T.ジョースターの奇妙な冒険なのか?【最終吸血鬼ブランドー・D】
63%
1,869,901 ココロオドル ジョジョの奇妙な冒険 ココロジョジョル第5部
63%
1,749,356 恋は渾沌の隷也 ジョジョの奇妙な冒険 ドイツの科学は世界一也ッ!【ジョジョ×ニャル子さんW】
63%
1,747,807 ガチャガチャきゅ〜と・ふぃぎゅ@メイト ジョジョの奇妙な冒険 無駄無駄ズキュゥゥゥン~っと・このディオだ!【ふぃぎゅ@メイト】
63%
1,681,422 お願いマッスル ジョジョの奇妙な冒険 【ジョジョMAD】スタンド何体持てる?「お願いパッショーネ」
63%
1,503,124 対武器ボス戦 ジョジョの奇妙な冒険 ジョジョの危険な冒険【マリオRPG×ジョジョ】
63%
5,249,254 God knows... 松岡修造 Hot knows... 【松岡修造】
57%
2,798,442 天国と地獄 松岡修造 松岡修造で天国と地獄【ハイスピードver】
57%
1,866,927 チルノのパーフェクトさんすう教室 松岡修造 【松岡修造】アチチルノのバーニング英単語教室【誕生祭】
57%
1,534,335 ニコニコ動画流星群 松岡修造 松岡動画流星群
57%
3,625,282 恋は渾沌の隷也 Z会 俺は勉強が嫌い也【Z会×ニャル子さんW】
53%
2,078,353 おジャ魔女カーニバル!! Z会 ほあ魔女カーニバル!!
53%
1,892,214 キルミーのベイベー! Z会 ベンキョーベイベー
53%
1,836,057 ようかい体操第一 Z会 Z会ウォッチ
53%
1,691,921 ご注文はうさぎですか? Z会 お勉強はきらいですか?
53%
1,546,350 秘密の扉から会いにきて Z会 ろうにん
53%
2,319,039 おとめっど ワッカFF10 【合作】おとわっか※対策版
50%
3,433,092 女々しくて 野々村竜太郎 野々しくて
47%
2,593,927 レスラー会見 野々村竜太郎 ノノムラー会見
47%
1,688,588 スカイハイ 野々村竜太郎 スーパー命がけでッヘッヘエエェエェエエイ↑↑↑↑デラックス
47%
1,762,417 ようこそジャパリパークへ バトルドーム つくだフレンズ ~ようこそバトルドームへ~
44%
2,102,610 トウキョウ・シャンディ・ランデヴ 帝京平成大学 テイキョウ・ヘイセィ・ダイガク
43%
6,604,306 愛をとりもどせ!! 変態糞土方 土方の拳OP「岡山を取り戻せ!!」
37%
1,758,204 Big Brother クッキー☆ Big Brother☆
35%
1,950,828 Bad Apple!! たれぞうHIKAKIN たれぞう VS ヒカキン ボイパ対決 Bad Apple!!
33%
6,219,138 ようこそジャパリパークへ ミッキーマウスディズニー ねずみフレンズ ~ようこそディズニーランドへ~
32%
2,114,697 最終鬼畜妹フランドール・S ミッキーマウスディズニー M.C.マウスは夢の国のネズミなのか?最終鬼畜鼠男ミッキー・M
32%
1,696,018 勇気100% デスノート 忍たま馬鹿野郎
31%
4,979,151 アゲハ蝶 エルシャダイ アゲハ装備で大丈夫か?【トルノグラフィティ】
29%
2,804,986 恋愛サーキュレーション エルシャダイ そんな恋愛サーキュレーションで大丈夫か?【エルシャダイ】
29%
2,601,946 Bad Apple!! エルシャダイ そんなBad Apple!!で大丈夫か? 【エルシャダイ】
29%
2,277,048 はじめてのチュウ エルシャダイ はじめてのチュウなんだが大丈夫か?【エルシャダイ】
29%
1,925,470 ワールズエンド・ダンスホール エルシャダイ ワールズエンド・エルシャダイ
29%
1,700,956 ワールズエンド・ダンスホール エルシャダイ ワールズエンド・エルシャダイ -Full ver.- 【PV】
29%
2,744,304 魔理沙は大変なものを盗んでいきました キーボードクラッシャー クラッシャーは大変なキーボードを破壊していきました
28%
1,838,957 新宝島 syamu_game 新無職島
28%
2,175,997 ヒャダインのじょーじょーゆーじょー コマンドー 【コマンドー】メイトリックスのじょーじょーせんじょう【日常】
22%
1,865,606 モグのテーマ ワンピース 海賊ラップ
22%
1,523,233 RED ZONE チャージマン研! CHARGE ZONE
22%
3,365,588 ココロオドル 咲-Saki- 【音MAD】サキガツモル【咲-Saki-×ココロオドル】
22%
1,589,523 座頭市 咲-Saki- 雀頭市 【咲-Saki-×座頭市】
22%
2,375,973 最終鬼畜妹フランドール・S ご注文はうさぎですか? H.T.ココアはフルフルなのか?最終鬼畜和菓子宇治松・C【音MAD】
21%
3,168,289 かくざいもくざいギャラクシー 島風艦隊これくしょん おぅ おぅ おぅ
20%
1,913,321 トレパーク 金剛艦隊これくしょん こんごうぱーく
20%
2,541,583 ナイト・オブ・ナイツ もこう モコウ・カテ・ナイツ
19%
2,167,785 ココロオドル もこう モコウオドル
19%
2,164,918 Evans レスリングシリーズ 【音ゲイ】Evan様
19%
2,055,405 ようこそジャパリパークへ 遊戯王 けっとうフレンズ
19%
1,698,328 Matching 艦隊これくしょん CV井口裕香の艦娘達
19%
1,646,690 Are You Gonna Be My Girl 遊戯王 【遊戯王】KCダンスグランプリ
19%
1,616,412 ぶっちぎりにしてあげる♪ レスリングシリーズ 【3DCG歪音エナ】ぶっちぎりにしてあげる♪【腹筋ローラー最強♂伝説】
19%
1,545,410 ミルキィホームズ 遊戯王 【遊戯王MAD】社長達が歌うミルキィホームズ
19%
1,982,779 20世紀フォックス 愛宕艦隊これくしょん 愛宕「ぱんぱかぱーん!ぱぱぱぱぱぱんぱかぱぱぱぱぱぱぱぱぱ(ry
19%
4,191,843 Misirlou 暁美ほむら 魔法少女まどか☆マギカ ほむらちゃほむほむ
16%
3,686,522 おジャ魔女カーニバル うんこちゃん加藤純一 うんこちゃんのおジャ魔女カーニバル
15%
2,030,839 Flash_back_90's あぁ~!水素の音ォ〜!! 「あぁ~!フロア熱狂の音ォ〜!!」
14%
1,981,583 UNION 風野灯織アイドルマスターシャイニーカラーズ SSSS.パリッとマン
14%
3,132,528 GO!GO!MANIAC 御坂美琴 とある科学の超電磁砲とある魔術の禁書目録 GO!GO!RAILGUN
14%
4,481,146 ココロオドル Steins;Gate ココロオカリン【Steins;Gate】
14%
1,924,762 モグのテーマ Steins;Gate だが男だ。
14%
2,368,245 God knows... 機動戦士ガンダム 二度もぶった knows…
13%
2,219,402 打打打打打打打打打打 クールポコ カッコつけて日本の上空にミサイルを飛ばした北の国の将軍がいたんですよ〜
13%
2,686,022 RED ZONE クマ吉ギャグマンガ日和 SHINSHI ZONE
13%
2,445,739 おちゃめ機能 矢澤にこラブライブ! にこにーが吹 っ 切 れ た
13%
1,700,755 Nyanyanyanyanyanyanya! クマ吉ギャグマンガ日和 Shinshinshinshinshinshi!
13%
2,530,921 DRAGONLADY 魔法少女まどか☆マギカ ほむらちゃんごめんね私DJになる
12%
1,553,933 かくざいもくざいギャラクシー 九条カレンきんいろモザイク デース デース デース
12%
1,820,658 チルノのパーフェクトさんすう教室 ぷよぷよ ぷよキャラ達に「チルノのパーフェクトさんすう教室」歌わせてみた
11%
2,750,443 対武器ボス戦 白井黒子とある科学の超電磁砲 危険な黒子
11%
2,283,776 (台詞イントネーション作曲) フレンダ=セイヴェルンとある科学の超電磁砲 フレンダを分解したい
11%
2,141,460 対武器ボス戦 佐天涙子とある科学の超電磁砲 危険な佐天さん
11%
1,877,533 ニッポン笑顔百景 NARUTO じゃんらく 【カンクロウ×じょしらくED】
11%
3,198,582 ドラえもんのうた ストリートファイターⅡ ストリートファイえもんのうた
10%
1,769,703 ダンスロボットダンス 輝夜月 ダンス首絞めダンス
10%
1,659,335 最終鬼畜妹フランドール・S とある魔術の禁書目録 K.J.当麻は幻想殺しなのか?とある最終鬼畜禁書目録【禁書MAD】
10%
1,634,868 サンドキャニオン とある魔術の禁書目録 ビリデレ先進国 御坂【禁書×サンドキャニオン】
10%
1,592,018 ハム太郎とっとこうた とある魔術の禁書目録 とっとこクソ野郎
10%
2,011,347 サンドキャニオン カラ松おそ松さん カラ松さんドキャニオン【おそ松さんMAD】
9%
1,782,037 最終鬼畜妹フランドール・S 十四松おそ松さん 【おそ松さん】最終鬼畜五男ジュウシマツ・M
9%
5,280,501 粉雪 フタエノキワミ、アッー! 【手描き】フタエノキワミで粉雪【MAD】
8%
1,677,544 ココロオドル サウンドロゴ サウンドロゴル 【ココロオドル】
8%
1,529,057 ココロオドル 仮面ライダー ベルトシャベル
8%
2,140,485 おちゃめ機能恋愛サーキュレーション 千石撫子化物語 【完成】千石撫子も吹っ切れた【恋愛吹っ切レーション】
8%
3,456,404 スカイハイ おめーの席ねぇから! スーパー「おめーの席ねぇから!」デラックス
7%
1,816,513 チルノのパーフェクトさんすう教室 ハンバーグ師匠 ハンバーグ師匠のパーフェクトハンバーグ教室
7%
1,642,009 サンバ・テンペラード めぐみんこの素晴らしい世界に祝福を! めぐみん・テンペラード
7%
2,987,789 モグのテーマ はたらく魔王さま! ねっ!まおうさん、ねっ!
6%
2,208,820 ドラえもんのうた バイオハザード バイオハザードでドラえもんの歌
5%
1,764,688 魔訶不思議アドベンチャー! バイオハザード バイオハザードでドラゴンボールOP 魔訶不思議アドベンチャー!
5%
1,826,585 on and on レムRe:ゼロから始める異世界生活 スキデスキデスキデスキデスキデスキデスキデスキデ
5%
2,625,225 対武器ボス戦 勘坂康弘 危険な焼肉チェーン社長
4%
2,277,537 スーパーボンバーマン2 ストライクウィッチーズ ボンバルクホルン
4%
2,218,991 ココロオドル 信じて送り出したフタナリ彼女が農家の叔父さんの変態調教にドハマリしてアヘ顔ピースビデオレターを送ってくるなんて... みさくらなんこつ アヘガオドル【フタレター×ココロオドル】
4%
1,728,244 もってけ!セーラーふく 永井先生 なんぞ☆これ ③ (ぷーんとか追加)
2%
1,806,964 恋は渾沌の隷也 新垣あやせ俺の妹がこんなに可愛いわけがない。 罵れ!あやせさんW
2%
1,575,821 ヒャダインのじょーじょーゆーじょー 機動戦士ガンダム EXTREME VS.EXVS アスランのへぁーへぁーとぅーへぁー
1%
No matching quizzes found
Score Distribution
Percent of People with Each Score
Percentile by Number Answered
Your Score History
You have not taken this quiz